[Event "2023 US National Elementary K-6 Championship"]
[Site "Baltimore, Maryland, United States"]
[Date "2023.05.14"]
[Round "7.15"]
[White "Wang, Ted"]
[Black "Zhu, Linxi"]
[Result "1-0"]
[TimeControl "G/90; d10"]
[WhiteElo "1900"]
[BlackElo "2004"]

1. e4 {[%clk 01:30:00]} {[%emt 00:00:03]} c5 {[%clk 01:29:58]} {[%emt
00:00:12]} 2. Nf3 {[%clk 01:30:00]} {[%emt 00:00:07]} d6 {[%clk 01:29:58]}
{[%emt 00:00:04]} 3. c3 {[%clk 01:30:00]} {[%emt 00:00:04]} Nf6 {[%clk
01:29:58]} {[%emt 00:00:03]} 4. Be2 {[%clk 01:30:00]} {[%emt 00:00:04]} g6
{[%clk 01:29:58]} {[%emt 00:00:03]} 5. O-O {[%clk 01:30:00]} {[%emt 00:00:06]}
Bg7 {[%clk 01:29:58]} {[%emt 00:00:02]} 6. Bb5+ {[%clk 01:30:00]} {[%emt
00:00:08]} Nc6 {[%clk 01:29:58]} {[%emt 00:00:05]} 7. d4 {[%clk 01:29:50]}
{[%emt 00:00:21]} O-O {[%clk 01:29:28]} {[%emt 00:00:40]} 8. d5 {[%clk
01:26:08]} {[%emt 00:03:52]} Nb8 {[%clk 01:29:03]} {[%emt 00:00:35]} 9. Bd3
{[%clk 01:25:56]} {[%emt 00:00:22]} a6 {[%clk 01:28:43]} {[%emt 00:00:30]} 10.
a4 {[%clk 01:24:00]} {[%emt 00:02:06]} e5 {[%clk 01:25:57]} {[%emt 00:02:56]}
11. Ne1 {[%clk 01:20:59]} {[%emt 00:03:10]} c4 {[%clk 01:23:57]} {[%emt
00:02:12]} 12. Bc2 {[%clk 01:20:53]} {[%emt 00:00:14]} Bg4 {[%clk 01:12:29]}
{[%emt 00:11:39]} 13. f3 {[%clk 01:20:03]} {[%emt 00:01:00]} Bd7 {[%clk
01:12:29]} {[%emt 00:00:04]} 14. Qe2 {[%clk 01:17:54]} {[%emt 00:02:17]} Qc8
{[%clk 01:12:20]} {[%emt 00:00:20]} 15. Be3 {[%clk 01:16:46]} {[%emt 00:01:17]}
Nh5 {[%clk 01:11:29]} {[%emt 00:01:02]} 16. Nd2 {[%clk 01:14:29]} {[%emt
00:02:27]} b5 {[%clk 01:11:29]} {[%emt 00:00:11]} 17. axb5 {[%clk 01:14:00]}
{[%emt 00:00:39]} Bxb5 {[%clk 01:11:29]} {[%emt 00:00:04]} 18. Ba4 {[%clk
01:06:11]} {[%emt 00:07:57]} Nd7 {[%clk 01:11:18]} {[%emt 00:00:22]} 19. Nc2
{[%clk 01:02:51]} {[%emt 00:06:11]} Nf4 {[%clk 01:09:53]} {[%emt 00:01:34]} 20.
Bxf4 {[%clk 01:00:59]} {[%emt 00:02:01]} exf4 {[%clk 01:09:53]} {[%emt
00:00:09]} 21. Nb4 {[%clk 00:57:34]} {[%emt 00:03:34]} Ne5 {[%clk 01:08:54]}
{[%emt 00:01:09]} 22. Qd1 {[%clk 00:50:17]} {[%emt 00:07:27]} Qc5+ {[%clk
01:07:45]} {[%emt 00:01:19]} 23. Kh1 {[%clk 00:46:26]} {[%emt 00:04:02]} a5
{[%clk 01:06:37]} {[%emt 00:01:18]} 24. Nc2 {[%clk 00:43:37]} {[%emt 00:02:58]}
Bxa4 {[%clk 01:06:28]} {[%emt 00:00:20]} 25. Rxa4 {[%clk 00:41:35]} {[%emt
00:02:12]} Nd3 {[%clk 01:05:55]} {[%emt 00:00:42]} 26. Nxc4 {[%clk 00:38:16]}
{[%emt 00:03:29]} Nf2+ {[%emt 00:00:06]} 27. Rxf2 {[%clk 00:38:16]} {[%emt
00:00:09]} Qxf2 {[%clk 01:05:55]} {[%emt 00:00:03]} 28. Nxd6 {[%clk 00:37:16]}
{[%emt 00:01:10]} Ra6 {[%clk 01:04:52]} {[%emt 00:01:14]} 29. Nc4 {[%clk
00:35:19]} {[%emt 00:02:07]} Rd8 {[%clk 01:01:47]} {[%emt 00:03:15]} 30. Nb4
{[%clk 00:31:20]} {[%emt 00:04:10]} Rf6 {[%clk 01:01:46]} {[%emt 00:00:11]} 31.
Nd3 {[%clk 00:30:56]} {[%emt 00:00:31]} Qh4 {[%clk 01:01:09]} {[%emt 00:00:48]}
32. Qe1 {[%clk 00:27:00]} {[%emt 00:04:07]} Qh5 {[%clk 01:00:57]} {[%emt
00:00:23]} 33. Rxa5 {[%clk 00:25:53]} {[%emt 00:01:17]} g5 {[%clk 00:57:42]}
{[%emt 00:03:25]} 34. h3 {[%clk 00:25:19]} {[%emt 00:00:43]} Rh6 {[%clk
00:54:19]} {[%emt 00:03:34]} 35. Kg1 {[%clk 00:23:53]} {[%emt 00:02:38]} Qg6
{[%clk 00:54:19]} {[%emt 00:00:07]} 36. Qa1 {[%clk 00:23:05]} {[%emt 00:00:58]}
g4 {[%clk 00:54:06]} {[%emt 00:00:23]} 37. hxg4 {[%clk 00:21:09]} {[%emt
00:02:06]} Qg5 {[%clk 00:54:05]} {[%emt 00:00:10]} 38. Qe1 {[%clk 00:20:25]}
{[%emt 00:00:53]} Rc8 {[%clk 00:53:18]} {[%emt 00:00:59]} 39. b3 {[%clk
00:19:34]} {[%emt 00:01:01]} Qd8 {[%clk 00:52:25]} {[%emt 00:01:04]} 40. Ra2
{[%clk 00:18:52]} {[%emt 00:00:52]} Ra8 {[%clk 00:50:38]} {[%emt 00:01:57]} 41.
Rc2 {[%clk 00:15:54]} {[%emt 00:03:07]} Qb8 {[%clk 00:50:11]} {[%emt 00:00:37]}
42. b4 {[%clk 00:14:49]} {[%emt 00:01:15]} Qb5 {[%clk 00:49:59]} {[%emt
00:00:22]} 43. Ncb2 {[%clk 00:14:48]} {[%emt 00:00:11]} Bf8 {[%clk 00:48:44]}
{[%emt 00:01:25]} 44. c4 {[%clk 00:14:06]} {[%emt 00:00:53]} Qb6+ {[%clk
00:48:44]} {[%emt 00:00:09]} 45. c5 {[%clk 00:14:06]} {[%emt 00:00:04]} Qf6
{[%clk 00:48:38]} {[%emt 00:00:14]} 46. e5 {[%clk 00:13:58]} {[%emt 00:00:20]}
Qg5 {[%clk 00:48:38]} {[%emt 00:00:04]} 47. c6 {[%clk 00:12:20]} {[%emt
00:01:48]} Rh4 {[%clk 00:48:25]} {[%emt 00:00:22]} 48. c7 {[%clk 00:12:05]}
{[%emt 00:00:27]} Qh6 {[%clk 00:48:25]} {[%emt 00:00:10]} 49. Nf2 {[%clk
00:12:05]} {[%emt 00:00:05]} Rc8 {[%clk 00:47:49]} {[%emt 00:00:46]} 50. Qd1
{[%clk 00:11:37]} {[%emt 00:00:37]} Bd6 {[%clk 00:45:17]} {[%emt 00:02:42]} 51.
exd6 {[%clk 00:11:12]} {[%emt 00:00:35]} Qxd6 {[%clk 00:45:17]} {[%emt
00:00:05]} 52. Rc6 {[%clk 00:10:59]} {[%emt 00:00:23]} Qd7 {[%clk 00:44:44]}
{[%emt 00:00:44]} 53. Ne4 {[%clk 00:10:56]} {[%emt 00:00:12]} Kh8 {[%clk
00:44:44]} {[%emt 00:00:07]} 54. Qd4+ {[%clk 00:10:56]} {[%emt 00:00:05]} f6
{[%clk 00:44:44]} {[%emt 00:00:06]} 55. Qxf6+ {[%clk 00:10:52]} {[%emt
00:00:13]} Qg7 {[%clk 00:44:44]} {[%emt 00:00:05]} 56. Qxg7+ {[%clk 00:10:52]}
{[%emt 00:00:05]} Kxg7 {[%clk 00:44:44]} {[%emt 00:00:04]} 57. d6 {[%clk
00:10:52]} {[%emt 00:00:04]} Rh6 {[%clk 00:44:44]} {[%emt 00:00:10]} 58. d7
{[%emt 00:00:08]} Rxc6 {[%clk 00:44:44]} {[%emt 00:00:02]} 59. dxc8=Q {[%clk
00:10:50]} {[%emt 00:00:11]} Rc1+ {[%clk 00:44:44]} {[%emt 00:00:07]} 60. Kh2
{[%clk 00:10:50]} {[%emt 00:00:05]} Kf7 {[%clk 00:44:44]} {[%emt 00:00:05]} 61.
Qd7+ {[%clk 00:10:50]} {[%emt 00:00:03]} Kg6 {[%clk 00:44:35]} {[%emt
00:00:19]} 62. Qd6+ {[%clk 00:10:47]} {[%emt 00:00:13]} Kg7 {[%clk 00:44:35]}
{[%emt 00:00:04]} 63. Qe5+ {[%clk 00:10:47]} {[%emt 00:00:06]} Kg8 {[%clk
00:44:35]} {[%emt 00:00:05]} 64. c8=R+ {[%clk 00:10:47]} {[%emt 00:00:06]} Rxc8
{[%clk 00:44:35]} {[%emt 00:00:06]} 65. Qe6+ {[%clk 00:10:47]} {[%emt
00:00:04]} Kg7 {[%clk 00:44:35]} {[%emt 00:00:03]} 66. Qxc8 {[%clk 00:10:47]}
{[%emt 00:00:04]} h5 {[%clk 00:44:35]} {[%emt 00:00:06]} 67. Qd7+ {[%clk
00:10:47]} {[%emt 00:00:04]} Kg6 {[%clk 00:44:35]} {[%emt 00:00:04]} 68. Qf5+
{[%clk 00:10:47]} {[%emt 00:00:03]} Kh6 {[%clk 00:44:35]} {[%emt 00:00:04]} 69.
Qg5+ {[%clk 00:10:47]} {[%emt 00:00:07]} Kh7 {[%clk 00:44:35]} {[%emt
00:00:04]} 70. Nf6+ {[%clk 00:10:47]} {[%emt 00:00:03]} Kh8 {[%clk 00:44:35]}
{[%emt 00:00:04]} 71. Qh6# {[%clk 00:10:47]} {[%emt 00:00:05]} 1-0

[Event "2023 US National Elementary K-6 Championship"]
[Site "Baltimore, Maryland, United States"]
[Date "2023.05.14"]
[Round "7.2"]
[White "Rajaram, Rohan"]
[Black "Wong, Wyatt"]
[Result "1-0"]
[TimeControl "G/90; d10"]
[WhiteElo "2100"]
[BlackElo "1962"]

1. d4 {[%clk 01:30:00]} d5 {[%clk 01:30:00]} 2. c4 {[%clk 01:30:00]} e6 {[%clk
01:30:00]} 3. Nc3 {[%clk 01:30:00]} Nf6 {[%clk 01:30:00]} 4. cxd5 {[%clk
01:30:00]} exd5 {[%clk 01:29:55]} {[%emt 00:00:21]} 5. Bg5 {[%clk 01:30:00]}
{[%emt 00:00:10]} c6 {[%clk 01:29:55]} 6. e3 {[%clk 01:30:00]} {[%emt
00:00:05]} Be7 {[%clk 01:29:55]} {[%emt 00:00:07]} 7. Bd3 {[%clk 01:30:00]}
{[%emt 00:00:03]} Nbd7 {[%clk 01:29:55]} {[%emt 00:00:03]} 8. Qc2 {[%clk
01:30:00]} {[%emt 00:00:06]} O-O {[%clk 01:29:54]} {[%emt 00:00:43]} 9. Nge2
{[%clk 01:30:00]} Re8 {[%clk 01:27:18]} {[%emt 00:02:17]} 10. O-O {[%clk
01:30:00]} {[%emt 00:00:32]} Nf8 {[%clk 01:27:18]} 11. Rad1 {[%clk 01:29:10]}
{[%emt 00:00:58]} g6 {[%clk 01:26:45]} {[%emt 00:01:08]} 12. Bh4 {[%clk
01:26:02]} {[%emt 00:02:44]} Ne6 {[%clk 01:26:05]} {[%emt 00:00:53]} 13. f3
{[%clk 01:25:08]} {[%emt 00:00:58]} b5 {[%clk 01:24:16]} {[%emt 00:02:00]} 14.
Bf2 {[%clk 01:24:22]} {[%emt 00:01:25]} a5 {[%clk 01:22:42]} {[%emt 00:01:14]}
15. Kh1 {[%clk 01:23:20]} {[%emt 00:01:11]} Bb7 {[%clk 01:19:13]} {[%emt
00:03:58]} 16. e4 {[%clk 01:20:48]} {[%emt 00:02:25]} b4 {[%clk 01:14:57]}
{[%emt 00:04:29]} 17. Na4 {[%clk 01:18:53]} {[%emt 00:01:59]} Rc8 {[%clk
01:12:51]} {[%emt 00:02:50]} 18. Nc5 {[%clk 01:08:30]} {[%emt 00:10:00]} Nxc5
{[%clk 01:11:15]} {[%emt 00:02:08]} 19. dxc5 {[%clk 01:08:30]} Bf8 {[%clk
01:10:51]} {[%emt 00:00:16]} 20. Rfe1 {[%clk 01:03:29]} {[%emt 00:05:15]} Rc7
{[%clk 01:07:58]} {[%emt 00:03:04]} 21. e5 {[%clk 00:57:31]} {[%emt 00:06:14]}
Nh5 {[%clk 01:06:08]} {[%emt 00:02:11]} 22. f4 {[%clk 00:55:37]} {[%emt
00:01:43]} Bh6 {[%clk 01:03:51]} {[%emt 00:02:25]} 23. g3 {[%clk 00:54:38]}
{[%emt 00:01:11]} Bc8 {[%clk 01:03:10]} {[%emt 00:00:51]} 24. Nd4 {[%clk
00:52:40]} {[%emt 00:02:14]} Ng7 {[%clk 00:49:24]} {[%emt 00:13:48]} 25. Qa4
{[%clk 00:46:02]} {[%emt 00:06:48]} Bd7 {[%clk 00:39:55]} {[%emt 00:09:40]} 26.
Qxa5 {[%clk 00:44:39]} {[%emt 00:01:31]} Qb8 {[%clk 00:39:40]} {[%emt
00:00:25]} 27. Qa4 {[%clk 00:40:06]} {[%emt 00:04:43]} Ra7 {[%clk 00:38:37]}
{[%emt 00:01:39]} 28. Qb3 {[%clk 00:38:32]} {[%emt 00:01:17]} Ne6 {[%clk
00:35:46]} {[%emt 00:03:28]} 29. Nxe6 {[%clk 00:34:25]} {[%emt 00:03:51]} Bxe6
{[%clk 00:35:41]} {[%emt 00:00:24]} 30. Bd4 {[%clk 00:34:16]} {[%emt 00:00:16]}
Rb7 {[%clk 00:31:31]} {[%emt 00:04:15]} 31. Rf1 {[%clk 00:32:53]} {[%emt
00:01:32]} Bg7 {[%clk 00:27:50]} {[%emt 00:03:57]} 32. Rde1 {[%clk 00:28:11]}
{[%emt 00:04:46]} Bh3 {[%clk 00:25:45]} {[%emt 00:02:36]} 33. Rg1 {[%clk
00:27:01]} {[%emt 00:00:58]} Bg4 {[%clk 00:25:20]} {[%emt 00:00:36]} 34. Be2
{[%clk 00:24:50]} {[%emt 00:02:31]} Qc8 {[%clk 00:22:34]} {[%emt 00:02:46]} 35.
Ba6 {[%clk 00:22:24]} {[%emt 00:02:35]} Bf5 {[%clk 00:22:32]} {[%emt 00:00:34]}
36. Bxb7 {[%clk 00:22:24]} Qxb7 {[%clk 00:22:32]} 37. Rgf1 {[%clk 00:21:41]}
{[%emt 00:00:43]} Qb5 {[%clk 00:20:56]} {[%emt 00:01:50]} 38. a3 {[%clk
00:19:51]} {[%emt 00:01:57]} Bd3 {[%clk 00:20:09]} {[%emt 00:00:57]} 39. Rf2
{[%clk 00:19:33]} {[%emt 00:00:29]} Bc4 {[%clk 00:19:59]} {[%emt 00:00:17]} 40.
Qxb4 {[%clk 00:19:03]} {[%emt 00:00:40]} Qxb4 {[%clk 00:19:41]} {[%emt
00:00:41]} 41. axb4 {[%clk 00:19:03]} Rb8 {[%clk 00:19:37]} {[%emt 00:00:18]}
42. Bc3 {[%clk 00:18:31]} {[%emt 00:00:32]} d4 {[%clk 00:19:31]} {[%emt
00:00:22]} 43. Bxd4 {[%clk 00:18:24]} {[%emt 00:00:12]} Rxb4 {[%clk 00:19:31]}
{[%emt 00:00:15]} 44. Bc3 {[%clk 00:18:03]} {[%emt 00:00:20]} Bd5+ {[%clk
00:19:31]} {[%emt 00:00:10]} 45. Kg1 {[%clk 00:18:03]} {[%emt 00:00:14]} Rc4
{[%clk 00:19:31]} {[%emt 00:00:09]} 46. Ra1 {[%clk 00:17:08]} {[%emt 00:01:06]}
h5 {[%clk 00:19:19]} {[%emt 00:00:14]} 47. Rd2 {[%clk 00:15:08]} {[%emt
00:02:07]} Bf8 {[%clk 00:18:43]} {[%emt 00:00:52]} 48. Bd4 {[%clk 00:14:49]}
{[%emt 00:00:23]} Bxc5 {[%clk 00:18:32]} {[%emt 00:00:23]} 49. Bxc5 {[%clk
00:14:49]} {[%emt 00:00:26]} Rxc5 {[%clk 00:18:32]} 50. Kf2 {[%clk 00:14:35]}
{[%emt 00:00:39]} Kf8 {[%clk 00:18:11]} {[%emt 00:00:08]} 51. b4 {[%clk
00:12:52]} {[%emt 00:01:44]} Rb5 {[%clk 00:18:02]} {[%emt 00:00:21]} 52. Rd4
{[%clk 00:12:52]} {[%emt 00:00:05]} Ke7 {[%clk 00:17:29]} {[%emt 00:00:43]} 53.
h3 {[%clk 00:12:21]} {[%emt 00:00:46]} Ke6 {[%clk 00:17:14]} {[%emt 00:00:21]}
54. g4 {[%clk 00:12:19]} {[%emt 00:00:13]} Rb8 {[%clk 00:16:33]} {[%emt
00:00:52]} 55. Kg3 {[%clk 00:10:40]} {[%emt 00:01:49]} Rg8 {[%clk 00:15:09]}
{[%emt 00:01:30]} 56. b5 {[%clk 00:09:49]} {[%emt 00:01:02]} Rc8 {[%clk
00:14:54]} {[%emt 00:00:25]} 57. Ra6 {[%clk 00:08:22]} {[%emt 00:01:37]} Rb8
{[%clk 00:14:27]} {[%emt 00:00:41]} 58. bxc6 {[%clk 00:08:16]} {[%emt
00:00:14]} Rb3+ {[%clk 00:14:21]} {[%emt 00:00:18]} 59. Kh4 {[%clk 00:08:16]}
{[%emt 00:00:11]} g5+ {[%clk 00:13:49]} {[%emt 00:00:37]} 60. Kxg5 {[%clk
00:08:05]} {[%emt 00:00:20]} 1-0

[Event "2023 US National Elementary K-6 Championship"]
[Site "Baltimore, Maryland, United States"]
[Date "2023.05.14"]
[Round "7.6"]
[White "Sukhiashvili, Alexander"]
[Black "Kandikayala, Srikar"]
[Result "1-0"]
[TimeControl "G/90; d10"]
[WhiteElo "1651"]
[BlackElo "1783"]

1. e4 {[%clk 01:30:00]} {[%emt 00:00:25]} c5 {[%clk 01:30:00]} 2. Nc3 {[%clk
01:30:00]} {[%emt 00:00:22]} Nc6 {[%clk 01:30:00]} 3. g3 {[%clk 01:30:00]} d6
{[%clk 01:29:30]} {[%emt 00:00:11]} 4. Bg2 {[%clk 01:30:00]} {[%emt 00:00:19]}
g6 {[%clk 01:28:34]} {[%emt 00:00:52]} 5. d3 {[%clk 01:30:00]} {[%emt
00:00:13]} Bg7 {[%clk 01:28:18]} {[%emt 00:00:30]} 6. Be3 {[%clk 01:30:00]} Nd4
{[%clk 01:27:08]} {[%emt 00:01:16]} 7. Qd2 {[%clk 01:29:53]} {[%emt 00:00:17]}
e6 {[%clk 01:25:08]} {[%emt 00:02:13]} 8. Nd1 {[%clk 01:29:53]} {[%emt
00:00:39]} Ne7 {[%clk 01:24:21]} {[%emt 00:00:22]} 9. c3 {[%clk 01:29:53]}
{[%emt 00:00:28]} Ndc6 {[%clk 01:23:46]} {[%emt 00:00:24]} 10. Bh6 {[%clk
01:29:46]} {[%emt 00:00:40]} O-O {[%clk 01:23:19]} {[%emt 00:00:43]} 11. Bxg7
{[%clk 01:29:46]} Kxg7 {[%clk 01:23:13]} 12. Ne2 {[%clk 01:29:46]} d5 {[%clk
01:22:28]} {[%emt 00:00:46]} 13. exd5 {[%clk 01:28:46]} {[%emt 00:01:28]} exd5
{[%clk 01:22:27]} {[%emt 00:00:03]} 14. O-O {[%clk 01:28:46]} {[%emt 00:00:03]}
d4 {[%clk 01:19:04]} {[%emt 00:03:48]} 15. c4 {[%clk 01:28:25]} {[%emt
00:00:33]} Bf5 {[%clk 01:17:59]} {[%emt 00:00:59]} 16. Nf4 {[%clk 01:27:29]}
{[%emt 00:01:02]} Qc7 {[%clk 01:13:37]} {[%emt 00:04:31]} 17. Be4 {[%clk
01:20:16]} {[%emt 00:07:23]} Bxe4 {[%clk 01:11:12]} {[%emt 00:02:50]} 18. dxe4
{[%clk 01:19:47]} {[%emt 00:00:23]} Ne5 {[%emt 00:03:29]} 19. f3 {[%clk
01:19:20]} Nxc4 {[%clk 01:07:08]} {[%emt 00:01:32]} 20. Qc2 {[%clk 01:19:06]}
{[%emt 00:00:33]} Ne5 {[%clk 01:06:51]} {[%emt 00:00:24]} 21. b3 {[%clk
01:19:02]} {[%emt 00:00:28]} b5 {[%clk 01:03:29]} {[%emt 00:03:13]} 22. Nd3
{[%clk 01:14:27]} {[%emt 00:04:46]} Nxd3 {[%clk 01:02:10]} {[%emt 00:01:35]} 23.
Qxd3 {[%clk 01:14:27]} {[%emt 00:00:03]} Qb6 {[%clk 01:01:42]} {[%emt
00:00:35]} 24. Rc1 {[%clk 01:14:06]} {[%emt 00:00:30]} Rac8 {[%clk 01:01:19]}
{[%emt 00:00:34]} 25. Nb2 {[%clk 01:13:37]} {[%emt 00:00:47]} Nc6 {[%clk
01:01:09]} {[%emt 00:00:14]} 26. f4 {[%clk 01:13:35]} {[%emt 00:00:10]} Nb4
{[%clk 01:01:09]} {[%emt 00:00:29]} 27. Qb1 {[%clk 01:10:39]} {[%emt 00:02:56]}
Qa5 {[%clk 00:59:21]} {[%emt 00:01:57]} 28. a4 {[%clk 01:07:17]} {[%emt
00:03:25]} a6 {[%clk 00:58:49]} {[%emt 00:00:38]} 29. e5 {[%clk 01:04:45]}
{[%emt 00:02:41]} Qb6 {[%clk 00:58:15]} {[%emt 00:00:53]} 30. Rf2 {[%clk
01:03:29]} {[%emt 00:01:17]} Qe6 {[%clk 00:57:32]} {[%emt 00:01:18]} 31. Nd3
{[%clk 01:00:37]} {[%emt 00:02:37]} Nxd3 {[%clk 00:57:28]} {[%emt 00:00:46]} 32.
Qxd3 {[%clk 01:00:37]} bxa4 {[%clk 00:55:19]} {[%emt 00:01:50]} 33. bxa4 {[%clk
01:00:37]} {[%emt 00:00:10]} Rc6 {[%clk 00:54:00]} {[%emt 00:01:31]} 34. Rfc2
{[%clk 00:58:30]} {[%emt 00:02:13]} Rfc8 {[%clk 00:53:18]} {[%emt 00:00:51]} 35.
Rc4 {[%clk 00:58:20]} {[%emt 00:00:19]} Qd5 {[%clk 00:52:36]} {[%emt 00:00:52]}
36. Rb1 {[%clk 00:51:57]} {[%emt 00:06:35]} Qd7 {[%clk 00:51:44]} {[%emt
00:01:00]} 37. Kf2 {[%clk 00:49:48]} {[%emt 00:02:20]} R6c7 {[%clk 00:50:05]}
{[%emt 00:01:48]} 38. Rb6 {[%clk 00:40:33]} {[%emt 00:09:44]} Rb7 {[%clk
00:46:34]} {[%emt 00:03:23]} 39. Rxb7 {[%clk 00:39:42]} {[%emt 00:01:00]} Qxb7
{[%clk 00:46:34]} {[%emt 00:00:12]} 40. f5 {[%clk 00:39:24]} {[%emt 00:00:21]}
h6 {[%clk 00:40:14]} {[%emt 00:06:29]} 41. f6+ {[%clk 00:31:26]} {[%emt
00:08:07]} Kh7 {[%clk 00:39:49]} {[%emt 00:00:38]} 42. Rc2 {[%clk 00:30:09]}
{[%emt 00:01:25]} a5 {[%clk 00:31:00]} {[%emt 00:08:59]} 43. Qc4 {[%clk
00:21:55]} {[%emt 00:08:39]} Rc7 {[%clk 00:29:05]} {[%emt 00:01:48]} 44. e6
{[%clk 00:21:18]} {[%emt 00:00:48]} fxe6 {[%clk 00:22:34]} {[%emt 00:06:43]} 45.
Re2 {[%clk 00:20:32]} {[%emt 00:00:54]} Rc6 {[%clk 00:17:06]} {[%emt 00:05:50]}
46. Kg1 {[%clk 00:16:24]} {[%emt 00:04:19]} Qb1+ {[%clk 00:15:10]} {[%emt
00:01:52]} 47. Kg2 {[%clk 00:16:16]} {[%emt 00:00:21]} Qf5 {[%clk 00:14:14]}
{[%emt 00:01:28]} 48. Rf2 {[%clk 00:15:45]} {[%emt 00:00:17]} Qe4+ {[%clk
00:14:09]} {[%emt 00:00:18]} 49. Kg1 {[%clk 00:15:13]} {[%emt 00:00:39]} Rc8
{[%clk 00:07:46]} {[%emt 00:06:32]} 50. Qa6 {[%clk 00:12:21]} {[%emt 00:03:03]}
Qa8 {[%clk 00:05:41]} {[%emt 00:02:30]} 51. Qxe6 {[%clk 00:12:08]} {[%emt
00:00:23]} Rc7 {[%clk 00:04:28]} {[%emt 00:01:35]} 52. f7 {[%clk 00:09:33]}
{[%emt 00:02:35]} Qf8 {[%clk 00:04:25]} {[%emt 00:00:10]} 53. Qe8 {[%clk
00:09:29]} {[%emt 00:00:15]} Rc8 {[%clk 00:04:25]} {[%emt 00:00:20]} 54. Qxc8
{[%clk 00:09:19]} {[%emt 00:00:03]} Qxc8 {[%clk 00:04:18]} {[%emt 00:00:18]} 55.
f8=Q {[%clk 00:09:19]} {[%emt 00:00:18]} Qxf8 {[%clk 00:04:18]} {[%emt
00:00:08]} 56. Rxf8 {[%clk 00:09:19]} c4 {[%clk 00:04:18]} 57. Rc8 {[%clk
00:09:19]} c3 {[%clk 00:04:18]} 58. Kf2 {[%clk 00:09:19]} {[%emt 00:00:07]} Kg7
{[%clk 00:04:18]} 59. Ke2 {[%clk 00:09:19]} Kf6 {[%clk 00:04:18]} {[%emt
00:00:03]} 60. Kd3 {[%clk 00:09:19]} Ke5 {[%clk 00:04:18]} {[%emt 00:00:04]} 61.
Rc5+ {[%clk 00:09:19]} {[%emt 00:00:05]} Kd6 {[%clk 00:04:18]} 62. Rxa5 {[%clk
00:09:19]} Kc6 {[%clk 00:04:18]} {[%emt 00:00:08]} 63. Kxd4 {[%clk 00:09:19]}
c2 {[%clk 00:04:18]} {[%emt 00:00:03]} 64. Rc5+ {[%clk 00:09:19]} Kb6 {[%clk
00:04:18]} 65. Rxc2 {[%clk 00:09:19]} Ka5 {[%clk 00:04:18]} 66. Ra2 {[%clk
00:09:19]} Kb4 {[%clk 00:04:18]} {[%emt 00:00:04]} 67. a5 {[%clk 00:09:19]} Kb3
{[%clk 00:04:18]} 68. a6 {[%clk 00:09:19]} {[%emt 00:00:04]} Kxa2 {[%clk
00:04:18]} {[%emt 00:00:04]} 69. a7 {[%clk 00:09:19]} {[%emt 00:00:03]} Kb3
{[%clk 00:04:18]} 70. a8=Q {[%clk 00:09:19]} Kb4 {[%clk 00:04:18]} {[%emt
00:00:06]} 71. Qb7+ {[%clk 00:09:19]} {[%emt 00:00:03]} Ka3 {[%clk 00:04:18]}
72. Qb5 {[%clk 00:09:19]} Ka2 {[%clk 00:04:18]} 73. Kc3 {[%clk 00:09:19]}
{[%emt 00:00:03]} Ka1 {[%clk 00:04:18]} 74. Qb2# {[%clk 00:09:19]} {[%emt
00:00:03]} 1-0